01138nab a2200301uuc4500001000800000005001700008008004100025035001200066035002100078040001300099041000800112100005500120245016300175260001000338650002600348650003500374650002300409650002200432650002000454650003400474700004200508700004800550700003900598700004800637773012200685942001000807999001900817108389520240202084637.0080605s2007 spa  a1083895 a(OCoLC)820418919 ccomduadb aspa10aCasas Pérez, María de la Luz4auteaut950271010aEncuesta piloto comparativa de opinion de medicos, enfermeras y estudiantes de medicina sobre el suicidio asistido en un hospital privado del Distrito Federal c2007. 7aEutanasia2lemb92318 7aSuicidio asistido2lemb934178 aOrtotanasia984288 aDistanasia984396 aEncuesta921260 7aPersonal de salud2dcs94755110aPichardo, Luz Maria4auteaut946110010aManzano, Maria del Carmen4auteaut945935910aTorres, Julio C.4auteaut945936010aGómez Sánchez, José4auteaut95869220 tPersona y Bioética (Bogotá)gVolumen 11, Número 02, Julio-Diciembre de 2007, 186-195w387785x0123-31220113473 cARIMP c457159d457159